header

Royalists at war in Scotland and Ireland, 1638-1650 / (Record no. 80451)

MARC details
000 -LEADER
fixed length control field 02059nam a2200409 i 4500
001 - CONTROL NUMBER
control field ebr10821413
003 - CONTROL NUMBER IDENTIFIER
control field CaPaEBR
006 - FIXED-LENGTH DATA ELEMENTS--ADDITIONAL MATERIAL CHARACTERISTICS--GENERAL INFORMATION
fixed length control field m o d
007 - PHYSICAL DESCRIPTION FIXED FIELD--GENERAL INFORMATION
fixed length control field cr cn|||||||||
008 - FIXED-LENGTH DATA ELEMENTS--GENERAL INFORMATION
fixed length control field 130227t20142014enk ob 001 0 eng|d
020 ## - INTERNATIONAL STANDARD BOOK NUMBER
Cancelled/invalid ISBN 9781409457473 (hardcover : alk. paper)
International Standard Book Number 9781409457480 (e-book)
040 ## - CATALOGING SOURCE
Original cataloging agency CaPaEBR
Language of cataloging eng
Description conventions rda
-- pn
Transcribing agency CaPaEBR
043 ## - GEOGRAPHIC AREA CODE
Geographic area code e-uk---
-- e-uk-st
-- e-ie---
050 14 - LIBRARY OF CONGRESS CALL NUMBER
Classification number DA415
Item number .R5554 2014eb
082 04 - DEWEY DECIMAL CLASSIFICATION NUMBER
Classification number 942.06/24
Edition number 23
100 1# - MAIN ENTRY--PERSONAL NAME
Personal name Robertson, Barry.
245 10 - TITLE STATEMENT
Title Royalists at war in Scotland and Ireland, 1638-1650 /
Statement of responsibility, etc Barry Robertson.
264 #1 - PRODUCTION, PUBLICATION, DISTRIBUTION, MANUFACTURE, AND COPYRIGHT NOTICE
Place of production, publication, distribution, manufacture Farnham, Surrey, UK :
Name of producer, publisher, distributor, manufacturer Ashgate Publishing Limited,
Date of production, publication, distribution, manufacture, or copyright notice [2014]
Date of production, publication, distribution, manufacture, or copyright notice �2014
300 ## - PHYSICAL DESCRIPTION
Extent 1 online resource (237 pages)
336 ## - CONTENT TYPE
Content type term text
Source rdacontent
337 ## - MEDIA TYPE
Media type term computer
Source rdamedia
338 ## - CARRIER TYPE
Carrier type term online resource
Source rdacarrier
504 ## - BIBLIOGRAPHY, ETC. NOTE
Bibliography, etc Includes bibliographical references and index.
505 0# - FORMATTED CONTENTS NOTE
Formatted contents note Scottish and Irish royalism in context -- Confronting the covenant, 1638-1639 -- Royalist defeat, 1639-1641 -- Ireland and the royalist cause, 1638-1642 -- Irish royalism, 1643-1647 -- Scottish royalism, 1642-1647 -- Scottish and Irish royalism in eclipse, 1647-1650.
588 ## - SOURCE OF DESCRIPTION NOTE
Source of description note Description based on print version record.
590 ## - LOCAL NOTE (RLIN)
Local note Electronic reproduction. Palo Alto, Calif. : ebrary, 2014. Available via World Wide Web. Access may be limited to ebrary affiliated libraries.
650 #0 - SUBJECT ADDED ENTRY--TOPICAL TERM
Topical term or geographic name as entry element Royalists
Geographic subdivision Scotland
General subdivision History
Chronological subdivision 17th century.
Topical term or geographic name as entry element Royalists
Geographic subdivision Ireland
General subdivision History
Chronological subdivision 17th century.
651 #0 - SUBJECT ADDED ENTRY--GEOGRAPHIC NAME
Geographic name Great Britain
General subdivision History
Chronological subdivision Civil War, 1642-1649.
Geographic name Great Britain
General subdivision History
Chronological subdivision Puritan Revolution, 1642-1660.
655 #0 - INDEX TERM--GENRE/FORM
Genre/form data or focus term Electronic books.
776 08 - ADDITIONAL PHYSICAL FORM ENTRY
Display text Print version:
Main entry heading Robertson, Barry.
Title Royalists at war in Scotland and Ireland, 1638-1650.
Place, publisher, and date of publication Farnham, Surrey, UK : Ashgate Publishing Limited, [2014]
Physical description 224 pages
International Standard Book Number 9781409457473
Record control number (DLC) 2013007764
797 2# - LOCAL ADDED ENTRY--CORPORATE NAME (RLIN)
Corporate name or jurisdiction name as entry element ebrary.
856 40 - ELECTRONIC LOCATION AND ACCESS
Uniform Resource Identifier <a href="http://site.ebrary.com/lib/rucke/Doc?id=10821413">http://site.ebrary.com/lib/rucke/Doc?id=10821413</a>
Public note An electronic book accessible through the World Wide Web; click to view

No items available.

© 2026 Rongo University
Contact us: librarian | system librarian | Rongo university